Osvobozená nevěsta / Avraham B. Jehošua ; z hebrejštiny přeložily Magdaléna Jehličková a Šárka Melanie Sedláčková
Román významného izraelského spisovatele, jehož díla vynikají psychologickou hloubkou postav i schopností zachytit složitou a rozporuplnou izraelskou společnost v jejích aktuálních projevech i historických kořenech. Mnohovrstevnatý román se odehrává v 90. letech a soustřeďuje se na dvě různorodé komunity izraelské společnosti. Tou první je židovská inteligence, reprezentovaná profesorem orientalistiky Jochananem Rivlinem, který se zabývá genezí arabského teroru v Alžírsku po získání nezávislosti, a jeho ženou, soudkyní Chagit, žijícími v Haifě, tou druhou jsou Arabové v galilejských vesnicích, jejichž život je svázán okupačními pravidly. Profesor Rivlin se nedokáže smířit s nepochopitelným rozpadem manželství svého syna Ofera s milovanou Galjou, dcerou bohatého hoteliera, k němuž došlo před několika lety a o jehož důvodu oba znesváření manželé zatvrzele mlčí. Jochanan cítí, že Ofer od rozvodu žije jen jakýmsi neúplným životem, a je přesvědčen, že pokud by zjistil, co se stalo, mohl by mu pomoci. Jeho pátrání po osudném tajemství se mění takřka v posedlost. Nakladatelská anotace. Kráceno.
Record details
- ISBN: 978-80-7579-129-0
- Physical Description: 629 stran ; 22 cm
- Edition: Vydání první
- Publisher: Příbram : Pistorius & Olšanská, 2024
Search for related items by subject
| Genre: | hebrejské romány izraelské romány Hebrew fiction Israeli fiction |
Available copies
- 1 of 1 copy available at Common Catalog SPOK.
Holds
- 0 current holds with 1 total copy.
Show Only Available Copies
| Location | Call Number / Copy Notes | Barcode | Shelving Location | Status | Due Date |
|---|---|---|---|---|---|
| The Jewish community of Prague | K 3991 | 4638304941 | K - Beletrie | Available | - |
| LDR | 02764nam a2200445 i 4500 | ||
|---|---|---|---|
| 001 | 57962 | ||
| 003 | CZ-PrJAB | ||
| 005 | 20241001092356.0 | ||
| 007 | ta | ||
| 008 | 240930s2024 xr g 000 f cze | ||
| 015 | . | ‡acnb003633214 | |
| 020 | . | ‡a978-80-7579-129-0 ‡q(vázáno) | |
| 035 | . | ‡a(CZ PrSKC)5015823 | |
| 040 | . | ‡aABG001 ‡bcze ‡erda | |
| 041 | 1 | . | ‡acze ‡hheb |
| 072 | 7. | ‡a821.41 ‡xAfroasijské (hamitosemitské) literatury ‡2Konspekt ‡925 | |
| 080 | . | ‡a821.411.16-31 ‡2MRF | |
| 080 | . | ‡a821(569.4)-31 ‡2MRF | |
| 080 | . | ‡a(0:82-31) ‡2MRF | |
| 100 | 1 | . | ‡aJehošua, Avraham B., ‡d1936-2022 ‡7xx0086852 ‡4aut |
| 240 | 1 | 0. | ‡aHa-kala ha-mešachreret. ‡lČesky |
| 245 | 1 | 0. | ‡aOsvobozená nevěsta / ‡cAvraham B. Jehošua ; z hebrejštiny přeložily Magdaléna Jehličková a Šárka Melanie Sedláčková |
| 250 | . | ‡aVydání první | |
| 264 | 1. | ‡aPříbram : ‡bPistorius & Olšanská, ‡c2024 | |
| 300 | . | ‡a629 stran ; ‡c22 cm | |
| 336 | . | ‡atext ‡btxt ‡2rdacontent | |
| 337 | . | ‡abez média ‡bn ‡2rdamedia | |
| 338 | . | ‡asvazek ‡bnc ‡2rdacarrier | |
| 520 | 2 | . | ‡aRomán významného izraelského spisovatele, jehož díla vynikají psychologickou hloubkou postav i schopností zachytit složitou a rozporuplnou izraelskou společnost v jejích aktuálních projevech i historických kořenech. ‡bMnohovrstevnatý román se odehrává v 90. letech a soustřeďuje se na dvě různorodé komunity izraelské společnosti. Tou první je židovská inteligence, reprezentovaná profesorem orientalistiky Jochananem Rivlinem, který se zabývá genezí arabského teroru v Alžírsku po získání nezávislosti, a jeho ženou, soudkyní Chagit, žijícími v Haifě, tou druhou jsou Arabové v galilejských vesnicích, jejichž život je svázán okupačními pravidly. Profesor Rivlin se nedokáže smířit s nepochopitelným rozpadem manželství svého syna Ofera s milovanou Galjou, dcerou bohatého hoteliera, k němuž došlo před několika lety a o jehož důvodu oba znesváření manželé zatvrzele mlčí. Jochanan cítí, že Ofer od rozvodu žije jen jakýmsi neúplným životem, a je přesvědčen, že pokud by zjistil, co se stalo, mohl by mu pomoci. Jeho pátrání po osudném tajemství se mění takřka v posedlost. Nakladatelská anotace. Kráceno. |
| 655 | 7. | ‡ahebrejské romány ‡7fd217327 ‡2czenas | |
| 655 | 7. | ‡aizraelské romány ‡7fd132484 ‡2czenas | |
| 655 | 9. | ‡aHebrew fiction ‡2eczenas | |
| 655 | 9. | ‡aIsraeli fiction ‡2eczenas | |
| 700 | 1 | . | ‡aJehličková, Magdaléna, ‡d1978- ‡7xx0023942 ‡4trl |
| 700 | 1 | . | ‡aSedláčková, Šárka Melanie, ‡d1978- ‡7xx0112217 ‡4trl |
| 910 | . | ‡aABE461 | |
| 995 | . | ‡aska | |
| 901 | . | ‡a57962 ‡bAUTOGEN ‡c57962 ‡tbiblio | |